El cardenal Jean Villot, 1905-1979: Secretario de Estado de tres papas

Saved in:
Bibliografiske detaljer
Hovedforfatter: Wenger, Antoine (Author)
Format: Bog
Sprog:spansk
Udgivet: Valencia Edicep 1991
Fag:
Tags: Tilføj Tag
Ingen Tags, Vær først til at tagge denne postø!

MARC

LEADER 00000nam a2200000 a 4500
001 UCL3231
003 CL-VaPUC
008 031114e19910000SP |||||||||||||||||spa|d
020 |a 8470502441 
082 0 4 |a 280.07082  |b WEN  |2 21 
100 0 |a Wenger, Antoine  |e author  |9 480520 
245 1 3 |a El cardenal Jean Villot, 1905-1979: Secretario de Estado de tres papas 
300 |a 405 p 
942 |c BK 
945 |d 20031114 00:00:00  |a cmena 
260 |a Valencia  |b Edicep  |c 1991 
600 0 7 |a VILLOT, JEAN  |2 CL-VaPUC  |9 480521 
650 0 |a Biografías  |9 255210 
650 0 |a Sacerdotes   |9 315705 
650 7 |a CARDENALES  |2 CL-VaPUC  |9 257780 
650 0 |a Iglesia Católica  |9 256114 
583 |a last modification  |c 20031114 00:00:00  |k Rodrigo Vera 
999 |c 306347  |d 306345 
952 |0 0  |1 0  |4 0  |6 280_070820000000000_WEN_1991  |7 0  |8 DER_HDC  |9 371297  |a BIBDER  |b BIBDER  |d 2019-11-21  |i 3965910  |o 280.07082 WEN 1991  |p 3965910  |r 2023-01-25  |w 2019-11-21  |x Ubicación 4to Piso  |y BK  |z Estos recursos deben solicitarse con anticipación  |k DER